| 000 | 00785nam a2200229 a 4500 | ||
|---|---|---|---|
| 001 | 68971 | ||
| 003 | BD-RjUL | ||
| 005 | 20211209081832.0 | ||
| 008 | 161107s1987 bg a|||| |||| 000 0 ben d | ||
| 035 | _a(BD-RjUL)69182 | ||
| 040 |
_aBD-RjUL _bben _cBD-RjUL _dBD-RjUL |
||
| 041 | _aben | ||
| 082 |
_223 _a519.5 _bHAB 1987 |
||
| 100 | 1 | 0 |
_aহাসীব, এস. এ. _9162704 |
| 245 | 1 | 0 |
_aবাণিজ্যিক পরিসংখ্যান / _cএস. এ. হাসীব |
| 250 | _a৮ম সং. | ||
| 260 |
_aঢাকা : _bআলী পাবলিকেশন্স, _c১৯৮৭. |
||
| 300 |
_a৬৪১ পৃ. : _bচিত্র ; _c২১ সেমি. |
||
| 650 |
_aপরিসংখ্যান _9122882 |
||
| 650 |
_aStatistics _9162705 |
||
| 942 |
_2ddc _cBK |
||
| 999 |
_c68971 _d68971 |
||